| 000 | 00000nam##2200000za#4500 |
| 001 | 9.686095 |
| 003 | CaOODSP |
| 005 | 20210624230400 |
| 007 | cr ||||||||||| |
| 008 | 150407|1997||||xxc|||||o f|0| 0 eng|d |
| 020 | |a0-662-30439-X |
| 040 | |aCaOODSP|beng |
| 043 | |an-cn--- |
| 086 | 1 |aE2-346/1997E-IN |
| 110 | 1 |aCanada.|bForeign Affairs and International Trade. |bCanadian Centre for Foreign Policy Development. |
| 245 | 10|aGender and Peacebuilding Roundtable report (April 24, 1997) / |h[electronic resource]|c[by] Barbara Arneil and Kimberley Manning. |
| 260 | |aOttawa - Ontario : |bForeign Affairs and International Trade. |c[1997]. |
| 300 | |a6p. |
| 590 | |a10-07-Supp|b2010-09-08 |
| 690 | 07|aForeign policy|2gcpds |
| 690 | 07|aGender equality|2gcpds |
| 690 | 07|aPeacekeeping forces|2gcpds |
| 720 | 1 |aArneil, Barbara |
| 720 | 1 |aManning, Kimberley |
| 776 | 0#|tGender and Peacebuilding Roundtable report / |w(CaOODSP)9.648159 |
| 856 | 40|ahttp://publications.gc.ca|qPDF|s306 KB|uhttps://publications.gc.ca/collections/Collection/E2-346-1997E.pdf |
| 986 | |a1006.5E |